00465nam a2200157Ia 4500100003000000650002700030942000700057654001500064245003000079260003200109082001900141300000800160546001200168999001700180952011000197 aWalston/J.A/ Miller /J.R  aElectrical Engineering cBK aTransistor aTransistor Circuit Design bMcGraw HillaAucklandc1986 a621.3bWal/Mil a523 aENGLISH c32884d32884 001040708AFTaCRCEbCRCEc1568 | 25d2023-03-17l0o621.3 Wal/MilpAFT5389r2023-03-17w2023-03-17yBK